| 000 | 01195nam0a22003251 4500 | ||
|---|---|---|---|
| 001 | 2561644 | ||
| 005 | 20251118181728.4 | ||
| 021 |
_aRU _b79-65958 |
||
| 035 | _a(NLR Aleph) 006446699 | ||
| 090 |
_a5696198 _c5696198 |
||
| 100 | _a20110316d1979 u y0rusy50 ca | ||
| 101 | 0 | _arus | |
| 102 | _aRU | ||
| 105 | _ay z ||||| | ||
| 200 | 1 |
_aКолхоз имени С.М. Кирова Слуцкого района Минской области _fПодгот.: М.К. Радько, Л.Л. Колендо |
|
| 210 |
_aМинск _cУраджай _d1979 |
||
| 215 |
_a8 с. _d17 |
||
| 300 | _aВ надзаг.: Белорус. респ. правл. НТО сел.хоз-ва, ВДНХ СССР | ||
| 300 | _aАвт. указаны на обороте тит. л. | ||
| 686 |
_aУ9(2)321.819.2(2Б-4М),0 _2rubbk |
||
| 700 | 1 |
_aРадько _bМ.К. _gМария Кирилловна |
|
| 701 | 1 |
_aКолендо _bЛ.Л. _gЛеонид Людвигович |
|
| 702 | 1 |
_aРадько _bМ.К. _4570 |
|
| 702 | 1 |
_aКолендо _bЛ.Л. _4570 |
|
| 801 | 0 |
_aRU _bNLR _gpsbo |
|
| 801 | 1 |
_aRU _bELAR _2rusmarc |
|
| 852 |
_aNLR _jDesideratum |
||
| 899 |
_aRuMoRGB _jM 79-6/307 |
||
| 942 | _cBOOK | ||
| 980 | _aNB | ||